| 000 | 004270000a22001690004500 | ||
|---|---|---|---|
| 003 | LK-CoMWRAF | ||
| 008 | 230817t ||||| |||| 00| 0 eng d | ||
| 040 |
_aLK-CoMWRAF _dLK-CoMWRAF _eLK-CoMWRAF |
||
| 041 | _aeng | ||
| 082 |
_a026 _bSHA |
||
| 100 | _aIlyas,Marina | ||
| 245 |
_aThennilankai Musleimgalin Tamil Chirukathaikal _b |
||
| 260 |
_aSri Lanka _bThamil Manram _c1998 |
||
| 300 | _ap.112 | ||
| 650 | _aTamil | ||
| 942 | _cBK | ||
| 999 |
_c496 _d496 |
||